LEADER 00956nam a2200253 i 4500 001 000000130338 003 CaOOAMICUS 005 20061214000000.0 008 061214s1979 it u000 u ita u 013 $a103072 040 $aSeMil$bita 100 1 $aKüng, Hans,$d<1928-2021>.$0(OLS)http://semarc/name/175 240 10$aGottesdienst, warum?.$0(OLS)http://semarc/title/192025 245 10$aAndare a Messa, perché? /$cHans Küng. 260 $aBrescia :$bQueriniana,$c1979. 300 $a46 p. ;$c20 cm. 490 0 $aMeditazioni ;$v51 650 4$aMessa.$0(OLS)http://semarc/subject/339 830 0$aMeditazioni ;$v51.$0(OLS)http://semarc/title/6156 850 $aSeMil 852 $aSeMil$W1$xVenegono$y1$m2D I 233$j84389$B84389$CSeMilBibl$Z2$F120483 $81 961 $aOmaggio: Mozzi don Roberto 996 $6245$aAndare a Messa, perché?$9(OLS)http://semarc/title/192024 996 $6260$aBrescia :$bQueriniana$9(OLS)http://semarc/publisher/29615 LEADER 01506nam a2200289 i 4500 001 000000250038 003 CaOOAMICUS 005 20160712000000.0 008 160712s2015 sp u000 u spa u 013 $a228943 020 $a978-84-95269-68-3 040 $aSeMil$bita 245 10$aIglesia, laicado y laicidad :$bactas del 16. Simposio de teología histórica (3-5 noviembre 2014) 260 $aValencia :$bFacultad de Teología San Vicente Ferrer,$c2015. 300 $a473 p. ;$c23 cm. 490 0 $aFacultad de Teología de San Vicente Ferrer. Series Valentina ;$v64. 650 4$aLaicato - Teologia.$0(OLS)http://semarc/subject/5571 650 4$aChiesa - Atti di congressi.$0(OLS)http://semarc/subject/9258 650 4$aChiesa postconciliare - Laicato.$0(OLS)http://semarc/subject/20125 650 4$aChiesa primitiva e delle origini - Clero e laicato.$0(OLS)http://semarc/subject/39732 830 0$aFacultad de teología San Vicente Ferrer. Series Valentina ;$v64.$0(OLS)http://semarc/title/12526 850 $aSeMil 852 $aSeMil$W1$xVenegono$y1$m2M III 98$j258257$B200384$CSeMilBibl$Z2$F212427 $81 961 $aOmaggio: Scuola Cattolica 996 $6020$a978-84-95269-68-3$9(OLS)http://semarc/number/260382 996 $6245$aIglesia, laicado y laicidad :$bactas del 16. Simposio de teología histórica (3-5 noviembre 2014)$9(OLS)http://semarc/title/352239 996 $6260$aValencia :$bFacultad de Teología San Vicente Ferrer$9(OLS)http://semarc/publisher/39302